| 000 | 005690000a22001690004500 | ||
|---|---|---|---|
| 001 | 768714001 | ||
| 003 | CO-MdFUSB | ||
| 005 | 20170614085201.0 | ||
| 008 | 170614s xxu||||| |||| 00| 0 spa d | ||
| 040 |
_aCO-MdFUSB _bspa _cCO-MdFUSB _dCO-MdFUSB |
||
| 041 | _aspa | ||
| 245 | 1 | 0 | _aLeyendo el lenguaje simbólico con nuestros ojos... Entendiendo la realidad con nuestras mentes... |
| 300 |
_aNúmero 12 (2000), Páginas 8-9 _c28 cm. |
||
| 546 | _aTexto en español | ||
| 773 | 0 |
_tBuenas Noticias _049455 _960505 _gNúmero 12 (2000), Páginas 8-9 _qPágina 8 |
|
| 942 | _cANA | ||
| 999 |
_c50993 _d50993 |
||